000
00224 a2200097 4500
001
44543
100
_a
Morley
245
_a
Elementary Engineering Science
260
_a
London
_b
Longman Green & Co.
_c
090
_c
28265
_d
28265
942
_a
NUST-CAE
_c
M
_c
20297
999
_c
279616
_d
279616